000 00842nam a22002417a 4500
003 DO-SdBNP
005 20220429133613.0
008 220208b2006 dr | |||| 00| 0 spa d
020 _a97899420127
040 _aBPMSU
_bspa
_cBPMSU
_d
082 _aRD861.5
_bP324g
_222
100 _aPaula, Hermes de
_d1974-
245 _aLos gemidos de la noche /
_cHermes de Paula
260 _aSan Francisco de Macorís, República Dominicana :
_bÁgeles de Fierro ;
_bSecretaría de Estado de Cultura
_c[200-?]
300 _a78 p ;
_c15cm
500 _aIncluye datos biográficos del autor en la solapa de la cubierta
590 _6Inventariado, 2022/VM
650 4 _aPoesía dominicana
650 4 _aLiteratura dominicana
710 2 _aSecretaría de Estado de Cultura (República Dominicna)
910 _aYGarcía /VMateo V.
942 _2ddc
_cBK
999 _c14020
_d14020